000 02024nam a2200469 c 4500
001 8446
003 ES-MaCES
005 20150925135233.0
008 990301s1998 sp 100 | spa d
017 _aM 46573-1998
_bDL
020 _a8472486206
035 _aCES19990002967m
040 _aES-MaCES
_bspa
_cES-MaCES
111 2 _aJornadas Internacionales de Derecho Urbanístico
_d1998
_cSantiago de Compostela
_9423
245 1 0 _aOrdenamientos urbanísticos
_b: valoración crítica y perspectivas de futuro : Jornadas Internacionales de Derecho Urbanístico, Santiago de Compostela, 2 y 3 de julio de 1998
_cEnrique Gómez-Reino y Carnota, director ; secretaría técnica, Fernando Adolfo de Abel Vilela... [et al.] ; organizadas por la Universidad de Santiago de Compostela ; patrocinadas por la Dirección Xeral de Urbanismo de la Consellería de Política Territorial, Obras Públicas e Vivienda
260 _aMadrid
_aBarcelona
_bMarcial Pons, Ediciones Jurídicas y Sociales
_c1998
300 _a417 p.
_c23 cm
504 _aBibliografía
541 _cCompra
650 4 _aurbanización
_928625
650 4 _aplanificación urbana
_928620
650 4 _asuelo
_928798
650 4 _aobras públicas
_927231
650 4 _asector privado
_927147
650 4 _acompetencia legal
_929890
650 4 _aEspaña
_926964
650 4 _aComunidades Autónomas
_930768
650 4 _alegislación
_927153
650 4 _aexpropiación
_927139
650 4 _acomparabilidad internacional
_930622
650 4 _aderecho
_927151
650 4 _aconferencia
_927013
653 1 0 _aDerecho administrativo
650 4 _930344
_aevaluación del impacto ambiental
700 1 _aGómez-Reino y Carnota, Enrique
_edir.
_913678
700 1 _aAbel Vilela, Fernando Adolfo de
_ecol.
_95535
710 2 _aUniversidad de Santiago de Compostela
_ecol.
_95325
710 1 _aGalicia
_bDirección General de Urbanismo
_ecol.
_93941
902 _aLIB Libro
942 _2CES
_cBK
_h6.0.2.
999 _c8446
_d8446